| 000 | 00495nam a2200157 a 4500 | ||
|---|---|---|---|
| 001 | 000029264 | ||
| 005 | 20200930055432.0 | ||
| 008 | 110414s1961 dr 000 0 spa d | ||
| 040 |
_aDO-SdBNP _bspa _cBNPHU |
||
| 082 |
_axxx _bT866P |
||
| 100 | 1 |
_aPrast-Ramírez, Francisco _956152 |
|
| 245 | 1 | 0 |
_aEn el día el periodista : _bEl Trujillo / _cFrancisco Prast-Ramírez. |
| 260 |
_aCiudad Trujillo, República Dominicana : _bEditora del Caribe, _c1961. |
||
| 300 |
_a13 p. ; _c22 cm. |
||
| 049 | _aBNPD | ||
| 999 |
_c28756 _d28756 |
||